| 000 | 00909cab a2200265 4500 | ||
|---|---|---|---|
| 001 | WB2918-27 | ||
| 008 | 090401t1993 xxu||||| |||| 00| 0 eng d | ||
| 035 | _a(Sirsi) u25299 | ||
| 041 | _aeng | ||
| 245 | _aGreen belt | ||
| 260 | _c1993 | ||
| 350 | _a0 | ||
| 490 |
_aEstates Gazette Case Summaries _v(1993) EGCS 82(1) |
||
| 520 | _a"Laing Homes Ltd and another v Avon CC" QBD 23 April 1993. L, owners of land designated `unallocated` in the local plan successfully resisted repeated council attempts to reassign it to green belt. | ||
| 650 | _aCARPETS OF WORTH LTD V WYRE FOREST DC | ||
| 650 | _aCHANGE OF STATUS | ||
| 650 | _aCIRCULAR 14/84 | ||
| 650 | _aGREEN BELT DESIGNATION | ||
| 650 | _aGREEN BELT | ||
| 650 | _aLOCAL DEVELOPMENT PLANS | ||
| 650 | _aPLANNING POLICY GUIDANCE NOTE 2 (GREEN BELTS) | ||
| 690 | _aPLANNING LAW AND PRACTICE-CASE LAW | ||
| 942 | _n0 | ||
| 948 | _c04/03/1997 | ||
| 999 |
_c16982 _d16982 |
||